000
00270nam a2200109Ia 4500
008
220120s9999||||xx |||||||||||||| ||und||
100
_a
Royden, H.L
_9
1334
245
0
_a
Real analysis
260
_a
Prentice hall of india
_c
2009
300
_b
0
650
_a
COMPUTER SCIENCE
999
_c
137337
_d
137337